000 00576nam a22001817a 4500
005 20241122134530.0
008 241122b |||||||| |||| 00| 0 eng d
020 _a9780618315536
050 _aQA276.12
_b.B725
100 _aBrase, Charles Henry
245 _aUnderstanding Basic Statistics/
_cCharles Henry Brase & Corrinne Pellillo Brase
250 _a3rd Ed.
260 _aBoston
_bHoughton Mifflin Company
_c2004
300 _axxii.569.various paging
_bill. some color
_c25cm
650 _2Statistics
700 _aBrase, Corrinne Pellillo
942 _2lcc
_cBK
_e3rd Ed.
_n0
999 _c1438
_d1438